000 00289nam a2200121Ia 4500
008 190216s9999||||xx |||||||||||||| ||und||
100 _aRudrapratap
245 0 _aGetting Started With Matlab 7
260 _bOxford University Press
300 _a244
650 _aMathematics
942 _cBK
999 _c32043
_d32043